00575nam a2200169Ia 4500008004100000100002000041245009400061245002000155260005900175260000900234300001100243650001800254650001500272856002600287999001900313952007300332170221s9999 xx 000 0 und d aPradeep Tewari. aOnline Newspapers Providing Credible Information: A Survey of Indian Online News Readers  cPradeep Tewari. bOnline Journal of Communication and Media Technologies c2015 a35 : 3 xCommunication xMedia Arts uhttp://www.ojcmt.net/ c310656d310656 001040aCLbCLd2017-02-21l0r2017-02-21 00:00:00w2017-02-21yFOJ